000 00522nam a2200193Ia 4500
005 20250423095730.0
008 250422s9999 xx 000 0 und d
020 _a9780312448400
050 _aE 178.1 .A49367/
100 _aGardner Sarah E.
245 0 _aInstrucctor’s resources manual for the American promise : a compact history
250 _a3rd ed.
260 _aBoston
260 _bBedford/St. Martin's
260 _cc2007
300 _a36 p
650 _aUnited States_History_Textbooks.
942 _cBK
999 _c31165
_d31165